Kompetenčný profil a hodnotenie pedagogického zamestnanca školy
Pohľad na kompetencie pedagóga, ich hodnotenie v praxi prostredníctvom metodiky AAA. Zložky hodnotenia pedagóga (sebareflexia, evalvácia). Charakteristika súčasného stavu prostredníctvom STEP a SWOT analýzy. Hodnotiaci rozhovor.
Saved in:
| Main Author: | |
|---|---|
| Format: | Book Chapter |
| Language: | Slovak |
| Subjects: | |
| Tags: |
No Tags, Be the first to tag this record!
|
MARC
| LEADER | 00000naa a2200000 4500 | ||
|---|---|---|---|
| 001 | 0256213 | ||
| 005 | 20221104111801.4 | ||
| 041 | 0 | |a slo | |
| 044 | |a SK | ||
| 245 | 1 | 0 | |a Kompetenčný profil a hodnotenie pedagogického zamestnanca školy |c Martina Magová |
| 520 | |a Pohľad na kompetencie pedagóga, ich hodnotenie v praxi prostredníctvom metodiky AAA. Zložky hodnotenia pedagóga (sebareflexia, evalvácia). Charakteristika súčasného stavu prostredníctvom STEP a SWOT analýzy. Hodnotiaci rozhovor. | ||
| 610 | 2 | 0 | |a hodnotenie pracovníkov |
| 610 | 2 | 0 | |a personalistika |
| 610 | 2 | 0 | |a metódy |
| 610 | 2 | 0 | |a učitelia |
| 610 | 2 | 0 | |a sebahodnotenie |
| 100 | 1 | |a Magová, Martina | |